LDR 01085naa#a2200217#i#450# 001 RU\\bibl\120577 005 20260429124206.3 011 ## _a2587-6740 100 ## _a20260415b2026####ek#y0rusy0150####ca 102 ## _aRU 200 1# _aТехнологические аспекты организации рационального землепользования на особо ценных сельскохозяйственных землях _eЖурнальная статья 210 1# _aМосква _cЭлектронная наука _d2026 215 ## _a5 с. 608 ## _aЖурнальная статья _2local 675 ## _aМеры по поддержанию и повышению уровня использования земли. 332.37 _z 700 #1 _aСвинцова _gТатьяна Юрьевна 700 #1 _aНосов _gСергей Иванович 700 #1 _aБондарев _gБорис Евгеньевич 700 #1 _aВершинин _gВалентин Валентинович 700 #1 _aАлешина _gМарина Владимировна 856 4# _amshj.ru _u